MARC

LEADER 00000nam0a2200000 4500
001 56959
005 20231031053933.0
010 |a 5343008135 
035 |a (RuTPU)RU\TPU\book\59858 
090 |a 56959 
100 |a 20031016d1992 k y0rusy50 ca 
101 0 |a rus 
102 |a BY 
105 |a a z 000zy 
200 1 |a Массоперенос в природных дисперсных системах  |f А. М. Абрамец, И. И. Лиштван, Н. В. Чураев  |g Академия наук Беларуси. Институт проблем использования природных ресурсов и экологии 
210 |a Минск  |c Наука и техника  |d 1992 
215 |a 288 с.  |c ил. 
610 1 |a массоперенос 
610 1 |a природные системы 
610 1 |a пористые материалы 
610 1 |a сушка 
610 1 |a механизм реакций 
610 1 |a дисперсные системы 
610 1 |a химия 
675 |a 631.4  |v 3 
700 1 |a Абрамец  |b А. М.  |g Александр Макарович 
701 1 |a Лиштван  |b И. И.  |g Иван Иванович 
701 1 |a Чураев  |b Н. В.  |g Николай Владимирович 
712 0 2 |a Академия наук Беларуси (АНБ, АН Беларуси)  |b Институт проблем использования природных ресурсов и экологии (ИПИПРЭ)  |c (Минск)  |c (1990-2008)  |2 stltpush  |3 (RuTPU)RU\TPU\col\14402 
801 1 |a RU  |b 63413507  |c 20031016  |g PSBO 
801 2 |a RU  |b 63413507  |c 20160407  |g PSBO 
942 |c BK